Missing Word: Explorers Quiz Stats

 Plays Quiz Updated Feb 22, 2019

Score 0/16 Timer 04:00
1 Play Today
Person Missing name % Correct
Marco ________Polo
96.6%
Buzz ________Aldrin
91.7%
Vasco da ________Gama
86.8%
Sir ________ HillaryEdmund
85.5%
________ ErikssonLeif
77.5%
________ VespucciAmerigo
75.2%
James ________Cook
68.4%
Hernán ________Cortés
60.9%
Person Missing name % Correct
________ HeyerdahlThor
52.7%
Roald ________Amundsen
52.3%
Tenzing ________Norgay
45.9%
________ LivingstoneDavid
42.4%
Hernando de ________Soto
35.2%
Robert Falcon ________Scott
33.5%
________ TasmanAbel
25.7%
________ Bingham IIIHiram
13%

Today's Daily Dose

You're not logged in!

Compare scores with friends on all Sporcle quizzes.
OR
Log In

Sporcle TV

Today on Sporcle TV


Watch our educational content, quiz creation guides, and fun videos on Sporcle TV.

Show Comments

Extras

Top Quizzes Today


Score Distribution

Your Account Isn't Verified!

In order to create a playlist on Sporcle, you need to verify the email address you used during registration. Go to your Sporcle Settings to finish the process.

Report this User

Report this user for behavior that violates our Community Guidelines.

Details: